00361pab a2200121 454500008004000000100002100040245007500061260000900136300001300145650002600158650001800184773003700202180718b2003 xxu||||| |||| 00| 0 eng d aJain, Anil Kumar aFiscal consolidation in India: a critical review and unfinished agenda c2003 ap.64-79. aFiscal policy - India aFiscal policy aResearch Journal Social Sciences